LEADER 00898nam0-22003371i-450- 001 990000503330403321 005 20100408112602.0 010 $a0-471-53128-6 035 $a000050333 035 $aFED01000050333 035 $a(Aleph)000050333FED01 035 $a000050333 100 $a20020821d1975----km-y0itay50------ba 101 0 $aeng 105 $aa-------001yy 200 1 $aMolecular spectroscopy$fIra N. Levine 210 $aNew York ; London$cWiley & Sons$dc1975 215 $a491 p.$cill.$d25 cm 610 0 $aSpettro molecolare 610 0 $aFisica molecolare 676 $a539.6 700 1$aLevine,$bIra N.$027022 801 0$aIT$bUNINA$gRICA$2UNIMARC 901 $aBK 912 $a990000503330403321 952 $a32F-064$b10176$fFI1 952 $a10 B III 26$b9539$fDINEL 959 $aDINEL 959 $aFI1 996 $aMolecular spectroscopy$9329953 997 $aUNINA LEADER 01045nam0-22003491i-450 001 990005566150403321 005 20250912093615.0 035 $a000556615 035 $aFED01000556615 035 $a(Aleph)000556615FED01 100 $a19990604d1981----km-y0itay50------ba 101 0 $aita 105 $ay-------001yy 200 1 $a<>rivolta ebraica al tempo di Traiano$fMarina Pucci 210 $aPisa$cGiardini$dc1981 215 $a165 p.$d26 cm 225 1 $aBiblioteca di studi antichi$v33 610 0 $aImpero romano - Storia - 115-117 610 0 $aEbrei - Insurrezioni - 115-117 676 $a937.08 700 1$aPucci,$bMarina$0214721 801 0$aIT$bUNINA$gRICA$2UNIMARC 901 $aBK 912 $a990005566150403321 952 $a937.08 PUC 1$bBIBL. 57494$fFLFBC 952 $aDDR-XX Da 401$b1744 ddr$fDDR$m21-7086 952 $aFONDO PROFESSOR ANTONIO GUARINO XXI A 213$bG/3055$fFGBC 959 $aFGBC 959 $aFLFBC 959 $aDDR 996 $aRivolta ebraica al tempo di Traiano$981584 997 $aUNINA